| 000 | 01089nam a2200241 i 4500 | ||
|---|---|---|---|
| 001 | 187414 | ||
| 003 | SpMaBN | ||
| 005 | 20250821092738.0 | ||
| 008 | 170703s1996 sp a c |||| | spa d | ||
| 020 | _a84-921487-5-6 Sociedad Estatal Goya 96 | ||
| 080 | _a75 Goya, Francisco de:069.538(460.27 M.) | ||
| 110 | 2 |
_aReal Academia de Bellas Artes de San Fernando. _bMuseo. _9148353 |
|
| 245 | 1 | 4 |
_aLos Goyas de la Academia _b: Museo de la Real Academia de Bellas Artes de San Fernando / _cMª Ángeles Blanca Piquero López, Mercedes González de Amezúa y del Pino. |
| 260 |
_a[Madrid] : _bReal Academia de Bellas Artes de San Fernando : _bSociedad Estatal Goya 96, _c1996. |
||
| 300 |
_a46 p. : _bil. col. ; _c26 cm. |
||
| 504 | _aBibliografía: p. 44-46. | ||
| 600 | 1 | 7 |
_aGoya, Francisco de, _d1746-1828- _zReal Academia de Bellas Artes de San Fernando _2 _9163327 |
| 700 | 1 |
_aPiquero López, María Ángeles Blanca. _9151143 |
|
| 700 | 1 |
_aGonzález de Amezúa del Pino, Mercedes. _9163328 |
|
| 852 |
_aES-MaACL _jL-31755 |
||
| 942 | _2udc | ||
| 999 |
_c187414 _d187414 |
||